Propagation des ondes dans les milieux périodiques /
Guardado en:
| Autor Principal: | |
|---|---|
| Otros Autores: | |
| Formato: | Libro |
| Idioma: | French |
| Publicado: |
Paris :
Dunod,
1956.
|
| Etiquetas: |
Agregar Etiqueta
Sin Etiquetas, Sea el primero en etiquetar este registro!
|
| LEADER | 00503nam a22001575a 4500 | ||
|---|---|---|---|
| 001 | EUN.um029913 | ||
| 003 | AR-BaUNS | ||
| 005 | 20050623122905.0 | ||
| 008 | 041125s1956####fr#a##########000#0#fre#d | ||
| 245 | 1 | 0 | |a Propagation des ondes dans les milieux périodiques / |c León Brillouin, Maurice Parodi. |
| 260 | |a Paris : |b Dunod, |c 1956. | ||
| 300 | |a 347 p. : |b ilus. ; |c 24 cm. | ||
| 100 | 1 | |a Brillouin, León. | |
| 700 | 1 | |a Parodi, Maurice. | |
| 082 | 0 | 4 | |a 537.12 |
| 859 | |a Ar-BaUNS |b BIB. CENTRAL - Sector C |h 537.12 |i B769 |p 1090/967 | ||
